[Event "Moscow-ch"]
[Site "Moscow"]
[Date "1996.??.??"]
[Round "7"]
[White "Abramov, AP."]
[Black "Evelev, Vladimir M"]
[Result "1/2-1/2"]
[WhiteElo "2110"]
[BlackElo "2335"]

1.c4 Nf6 2.Nc3 g6 3.Nf3 Bg7 4.e4 d6 5.d4 O-O 6.Be2 e5 7.O-O Nc6 8.d5 Ne7
9.Ne1 Nd7 10.Nd3 f5 11.Bd2 a5 12.a3 fxe4 13.Nxe4 Nf6 14.Bf3 Nf5 15.Bc3 Nxe4
16.Bxe4 Qh4 17.Re1 Nd4 18.f3 b6 19.b4 axb4 20.axb4 Rxa1 21.Bxa1 Ba6 22.b5 Bb7
23.g3 Qg5 24.Kh1 Bc8 25.f4 Qg4 26.Bxd4 Qxd1 27.Rxd1 exd4 28.Ra1 Re8 29.Ra8 Kf8
30.Kg1 Bg4 31.Rxe8+ Kxe8 32.Nf2 Bc8 33.Kf1 Kf7 34.Ke2 Bf6 35.Kf3 h5 36.h4 Be7
37.Bd3 Bd8 38.Bf1 Bf5 39.Bh3 Bc2 40.Ke2 Bf6 41.Kd2 Bf5 42.Bxf5 gxf5 43.Kd3 Ke7
44.Nh3 Kf7 45.Ng5+ Bxg5 46.fxg5 Kg7 47.Kxd4 Kf7 48.Ke3 Kg7 49.Kf3 Kf7 50.Kf4 Kg6
51.Kf3 Kg7 52.Ke3 Kf7 53.Kf4 Kg6 54.Kf3 Kg7 55.Kf4 Kg6 56.Ke3 Kg7 57.Kf4 Kg6
58.Ke3 Kg7 59.Kf4 Kg6  1/2-1/2

[Event "Moscow-ch"]
[Site "Moscow"]
[Date "1996.??.??"]
[Round "7"]
[White "Chudinovskih, Alexander"]
[Black "Miroshnichenko, Nikolay"]
[Result "0-1"]
[WhiteElo "2290"]
[BlackElo "2125"]

1.c4 Nf6 2.Nc3 g6 3.e4 d6 4.d4 Bg7 5.Nf3 O-O 6.Be2 e5 7.O-O Nc6 8.d5 Ne7
9.Nd2 Nd7 10.b4 f5 11.a4 a5 12.Ba3 axb4 13.Bxb4 b6 14.a5 bxa5 15.Bxa5 Ba6
16.Nb3 Nf6 17.Qc2 Qd7 18.Ra3 c6 19.f3 cxd5 20.cxd5 Rfc8 21.Rfa1 Qa7+ 22.Kh1 Qb7
23.Qd1 Bh6 24.Qe1 Bc4 25.Rb1 Bxe2 26.Nxe2 Rc2 27.Ng3 fxe4 28.Nxe4 Nxe4 29.fxe4 Nxd5
30.exd5 Qxd5 31.Qg3 Bc1 32.Nxc1 Qd1+ 33.Qe1 Qxe1+ 34.Bxe1 Rxa3 35.h3 e4 36.Bb4 Ra6
37.Nb3 Rb6 38.Na5 Rb5 39.Rb3 d5 40.Kg1 d4 41.Kf1 d3 42.Ke1 Ra2 43.Nc6 Rxg2
44.Ra3 Rc2 45.Ra8+ Kg7 46.Ra7+ Kh6 47.Bf8+ Kg5 48.Be7+ Kf4 49.Nb4 Rb2 50.Ra4 Ke3
51.Kf1 Rf5+ 52.Kg1 Rb1+  0-1

[Event "Moscow-ch"]
[Site "Moscow"]
[Date "1996.??.??"]
[Round "11"]
[White "Moizhess, Igor"]
[Black "Frolov, Denis"]
[Result "1-0"]
[WhiteElo "2410"]
[BlackElo "2340"]

1.Nf3 Nf6 2.d4 g6 3.c4 Bg7 4.Nc3 d6 5.e4 O-O 6.Be2 e5 7.O-O Nc6 8.d5 Ne7
9.Nd2 a5 10.Nb3 Nd7 11.a4 f5 12.f4 exf4 13.Bxf4 Bxc3 14.bxc3 fxe4 15.Qd2 b6
16.Nd4 Nc5 17.g4 Kh8 18.Bg5 Bd7 19.Rxf8+ Qxf8 20.Rf1 Qe8 21.Nb5 Bxb5 22.Qd4+ Kg8
23.Bh6  1-0

[Event "Muenster op"]
[Site "Muenster"]
[Date "1996.??.??"]
[Round "1"]
[White "Kortschnoj, Viktor"]
[Black "Scholz, Christian"]
[Result "1-0"]
[WhiteElo "2635"]
[BlackElo "2220"]

1.d4 Nf6 2.c4 g6 3.Nc3 Bg7 4.e4 d6 5.Be2 O-O 6.Nf3 e5 7.O-O Nc6 8.d5 Ne7
9.Ne1 Nd7 10.Be3 f5 11.f3 f4 12.Bf2 g5 13.Rc1 h5 14.Nd3 Nf6 15.c5 Ne8 16.Nb5 a6
17.cxd6 axb5 18.dxe7 Qxe7 19.Qb3 Kh8 20.Nc5 g4 21.Ne6 Bxe6 22.dxe6 Qg5 23.Bc5 Rg8
24.Qxb5 b6 25.Ba3 Bf8 26.Bxf8 Rxf8 27.e7 Qxe7 28.fxg4 Nf6 29.gxh5 Nxe4 30.Qc6 Nc5
31.Qh6+ Qh7 32.Qxh7+ Kxh7 33.b4 Ne6 34.Bf3 Ra7 35.Rfe1 Nd4 36.Rxe5 Nxf3+
37.gxf3 Rxa2 38.Re7+ Kh8 39.Rcxc7 Rd8 40.Rh7+ Kg8 41.Rcg7+ Kf8 42.Rd7 Rxd7
43.Rxd7 Ra1+ 44.Kg2  1-0

[Event "Muenster op"]
[Site "Muenster"]
[Date "1996.??.??"]
[Round "2"]
[White "Beckhuis, Gernod"]
[Black "Dydyshko, Viacheslav"]
[Result "1/2-1/2"]
[WhiteElo "2300"]
[BlackElo "2545"]

1.d4 Nf6 2.c4 g6 3.Nc3 Bg7 4.e4 d6 5.Nf3 O-O 6.Be2 e5 7.O-O Nc6 8.d5 Ne7
9.b4 Nh5 10.Re1 f5 11.Ng5 Nf6 12.Bf3 Kh8 13.Bb2 c6 14.Qb3 h6 15.Ne6 Bxe6
16.dxe6 fxe4 17.Nxe4 Nxe4 18.Rxe4 Qc8 19.c5 d5 20.Rxe5 Bxe5 21.Bxe5+ Kh7
22.Bg4 Nf5 23.e7 Rf7 24.Bd6 Qe6 25.Rf1 Re8 26.b5 Rexe7 27.Bxe7 Qxe7 28.bxc6 bxc6
29.Qc3 Qe4 30.Bxf5 Qxf5 31.Qe3 Qf6 32.Rd1 Re7 33.Qd2 Qe5 34.h3 h5 35.Qd4 Qxd4
36.Rxd4 Re1+ 37.Kh2 Rc1 38.Ra4 Rxc5 39.Rxa7+ Kh6 40.a4 Kg5 41.Rf7 Ra5 42.f4+ Kh6
43.g4 hxg4 44.hxg4 Rxa4 45.Kg3 g5 46.Rf6+ Kg7 47.fxg5 c5 48.Rd6 Rd4 49.Kh4 c4
50.Rd7+ Kg6 51.Rd6+ Kg7 52.Rd7+ Kg6  1/2-1/2

[Event "Muenster op"]
[Site "Muenster"]
[Date "1996.??.??"]
[Round "6"]
[White "Beckhuis, Gernod"]
[Black "Balcerak, Jakob"]
[Result "1/2-1/2"]
[WhiteElo "2300"]
[BlackElo "2200"]

1.d4 Nf6 2.c4 g6 3.Nc3 Bg7 4.e4 d6 5.Nf3 O-O 6.Be2 e5 7.O-O Nc6 8.d5 Ne7
9.b4 c6 10.Ne1 a5 11.bxa5 Rxa5 12.Rb1 c5 13.Nd3 Nd7 14.Qc2 f5 15.f3 Nf6 16.Bd2 Ra6
17.Rb2 f4 18.Rfb1 g5 19.Nf2 h5 20.h3 Ng6 21.Rxb7 Bxb7 22.Rxb7 Nh4 23.Qb3 g4
24.fxg4 Bh6 25.Nb5 f3 26.Bxh6 fxe2 27.Qe3 Nxg4 28.hxg4 Rf3 29.Qxe2 Rg3 30.Nh3 Nf3+
31.Qxf3 Rxf3 32.Ng5 Rf6 33.Rg7+ Kh8 34.Rh7+ Kg8 35.Rg7+ Kh8 36.Rh7+ Kg8  1/2-1/2

[Event "Munich op"]
[Site "Munich"]
[Date "1996.??.??"]
[Round "?"]
[White "Ikonnikov, Vyacheslav"]
[Black "Uhlmann, Wolfgang"]
[Result "1/2-1/2"]
[WhiteElo "2535"]
[BlackElo "2460"]

1.d4 Nf6 2.Nf3 g6 3.c4 Bg7 4.Nc3 O-O 5.e4 d6 6.Be2 e5 7.O-O Nc6 8.d5 Ne7
9.Ne1 c5 10.f4 exf4 11.Bxf4 Ne8 12.Nd3 Bxc3 13.bxc3 f6 14.Bh6 Ng7 15.Rf2 g5
16.h4 gxh4 17.Nf4 Ng6 18.Nh5 Nxh5 19.Bxf8 Ng3 20.Bh6 Nxe4 21.Rf3 Ng3 22.Rf2 Ne4
23.Rf1 h3 24.Bd3 hxg2 25.Kxg2 Qe8 26.Qe1 f5 27.Bxe4 Qxe4+ 28.Qxe4 fxe4 29.Rf6 Bg4
30.Kf2 e3+ 31.Kxe3 Re8+ 32.Kf2 Re5 33.Kg3 Be2 34.Re1 Bxc4 35.Rxe5 dxe5 36.d6 Bb5
37.Kg4 Bd7+ 38.Kg5 e4 39.Rxg6+ hxg6 40.Kf6 e3 41.Ke7 e2 42.Bd2 Ba4 43.d7 Bxd7
44.Kxd7 Kf7 45.Kd6 Kf6 46.Kxc5 Ke5 47.Kc4 Ke4 48.Be1 g5 49.Kb3 g4 50.Kc2 Kf3
51.Kd2  1/2-1/2

[Event "Naantali op"]
[Site "Naantali"]
[Date "1996.??.??"]
[Round "7"]
[White "Veingold, Aleksandr"]
[Black "Paasikangas, Johanna"]
[Result "1-0"]
[WhiteElo "2425"]
[BlackElo "2200"]

1.d4 d6 2.e4 g6 3.c4 Bg7 4.Nc3 Nf6 5.Nf3 O-O 6.Be2 e5 7.O-O Nc6 8.d5 Ne7
9.b4 a5 10.Ba3 axb4 11.Bxb4 Ne8 12.c5 h6 13.Nd2 f5 14.f3 f4 15.Nc4 g5 16.Nb5 dxc5
17.Bxc5 b6 18.Bf2 Ba6 19.d6 Nxd6 20.Nbxd6 cxd6 21.Nxb6 Bxe2 22.Qxe2 Rb8 23.Rab1 Kh8
24.Qc4 h5 25.a4 g4 26.fxg4 hxg4 27.Qe6 g3 28.Qh3+ Kg8 29.hxg3 Rb7 30.a5 Rf6
31.Nd5 Rh6 32.Rxb7 Rxh3 33.Nxe7+ Kh8 34.gxh3 Qxa5 35.Nf5 Bf6 36.Rc1  1-0

[Event "New York op"]
[Site "New York"]
[Date "1996.??.??"]
[Round "3"]
[White "Van Wely, Loek"]
[Black "Kreiman, Boris"]
[Result "1-0"]
[WhiteElo "2570"]
[BlackElo "2415"]

1.d4 Nf6 2.c4 g6 3.Nc3 Bg7 4.e4 d6 5.Nf3 O-O 6.Be2 e5 7.O-O Nc6 8.d5 Ne7
9.b4 Kh8 10.c5 Neg8 11.a4 Bh6 12.Ba3 Nh5 13.a5 Nf4 14.b5 b6 15.cxd6 cxd6
16.Bb4 Rb8 17.axb6 axb6 18.Re1 f5 19.Bf1 Nf6 20.Nd2 Ng4 21.g3 Nh5 22.Nc4 Rf6
23.f3 Nxh2 24.Kxh2 f4 25.g4 Ng3 26.Bh3 Bg5 27.Na4 h5 28.Naxb6 hxg4 29.fxg4 Qc7
30.Qf3 Rxb6 31.Rec1 Rb8 32.Nxd6 Qd7 33.Qc3 Rxd6 34.Qxe5+ Bf6 35.Qxd6 Bxa1
36.Qxb8  1-0

[Event "New York op"]
[Site "New York"]
[Date "1996.??.??"]
[Round "4"]
[White "Hjartarson, Johann"]
[Black "Shaked, Tal"]
[Result "1-0"]
[WhiteElo "2570"]
[BlackElo "2440"]

1.c4 g6 2.d4 Nf6 3.Nc3 Bg7 4.e4 d6 5.Nf3 O-O 6.Be2 e5 7.O-O Nc6 8.d5 Ne7
9.Ne1 Nd7 10.Be3 f5 11.f3 f4 12.Bf2 g5 13.a4 Rf6 14.a5 a6 15.Na4 Rh6 16.Nd3 Nf6
17.Be1 g4 18.fxg4 Nxe4 19.Qc2 Ng6 20.Nc3 Ng5 21.Nf2 Nh4 22.Nfe4 Nxe4 23.Nxe4 Rg6
24.h3 h5 25.g5 Nf5 26.Bf2 Rxg5 27.Nxg5 Qxg5 28.Ra3 Bd7 29.Bf3 Re8 30.Be4 Bh6
31.b4 Re7 32.b5 Ne3 33.Bxe3 fxe3 34.bxa6 bxa6 35.Rb3 Qg3 36.Rf3 Qe1+ 37.Kh2 h4
38.Bh7+ Kh8 39.Rbxe3 Qxe3 40.Rxe3 Bxe3 41.Bd3 Rf7 42.Qe2 Bf4+ 43.Kg1 Bg3
44.c5 dxc5 45.Bxa6 Kg7 46.Bd3 Rf4 47.Qxe5+ Kf7 48.Qg5 Rf6 49.a6 Bc8 50.Qh5+ Ke7
51.Qh7+ Rf7 52.Qg8 Rf8 53.Qg7+ Rf7 54.Qg5+ Rf6 55.a7 Bb7 56.Be4 Bd6 57.Qxh4 c4
58.Bf3  1-0

[Event "New York op"]
[Site "New York"]
[Date "1996.??.??"]
[Round "5"]
[White "Kaufman, Larry C"]
[Black "Weeramantry, Sunil"]
[Result "1-0"]
[WhiteElo "2425"]
[BlackElo "2295"]

1.d4 Nf6 2.c4 g6 3.Nc3 Bg7 4.e4 d6 5.Nf3 O-O 6.Be2 e5 7.O-O Nc6 8.d5 Ne7
9.b4 Nh5 10.Re1 h6 11.Nd2 Nf4 12.Bf1 g5 13.c5 f5 14.cxd6 cxd6 15.Nc4 fxe4
16.Nxe4 Nf5 17.b5 Rf7 18.a4 Bf8 19.Bb2 g4 20.Kh1 h5 21.g3 Ng6 22.Qd2 Be7
23.Kg1 h4 24.Bg2 Rh7 25.Rad1 Qf8 26.Ng5 hxg3 27.fxg3 Rxh2 28.Kxh2 Qh6+ 29.Nh3 Qh5
30.Rc1 gxh3 31.Be4 Bd7 32.Qe2 Qh7 33.Qg4 Kg7 34.Bxf5 Bxf5 35.Qxf5 Rf8 36.Qg4 Rf2+
37.Kh1 Kh8 38.Rf1  1-0

[Event "JUG-chT"]
[Site "Niksic"]
[Date "1996.??.??"]
[Round "?"]
[White "Cvetkovic, Srdjan"]
[Black "Vucicevic, Moma"]
[Result "1/2-1/2"]
[WhiteElo "2425"]
[BlackElo "2380"]

1.c4 g6 2.e4 Bg7 3.d4 d6 4.Nc3 Nf6 5.Nf3 O-O 6.Be2 e5 7.O-O Nc6 8.d5 Ne7
9.Bg5 h6 10.Bh4 Nh5 11.Ne1 Nf4 12.Nd3 g5 13.Bg3 f5 14.f3 Neg6 15.Rc1 Nxe2+
16.Qxe2 f4 17.Be1 c5 18.g4 fxg3  1/2-1/2

[Event "JUG-chT"]
[Site "Niksic"]
[Date "1996.??.??"]
[Round "?"]
[White "Nikcevic, Nebojsa"]
[Black "Popovic, Petar"]
[Result "1-0"]
[WhiteElo "2535"]
[BlackElo "2575"]

1.Nf3 Nf6 2.c4 g6 3.Nc3 Bg7 4.e4 d6 5.d4 O-O 6.Be2 e5 7.O-O Nc6 8.d5 Ne7
9.Bg5 Nh5 10.Ne1 Nf4 11.Nd3 Nxe2+ 12.Qxe2 h6 13.Bd2 c6 14.Kh1 cxd5 15.cxd5 g5
16.g4 Ng6 17.f3 Bd7 18.a4 a6 19.Be3 Rc8 20.Qd2 Qa5 21.Rfc1 Rc4 22.b3 Rcc8
23.Ne2 Qxd2 24.Bxd2 Nh4 25.Ng1 Nxf3 26.Nxf3 Bxg4 27.Ng1 f5 28.Rxc8 Rxc8 29.Rc1 fxe4
30.Rxc8+ Bxc8 31.Nf2 b5 32.Nd1 bxa4 33.bxa4 Bd7 34.Nc3 Bf8 35.Nge2 Kf7 36.Ng3 Kg6
37.Ngxe4 g4 38.Be3 h5 39.Kg2 h4 40.Bb6 Kf5 41.Bc7 Bxa4 42.Bxd6 Bh6 43.Be7 h3+
44.Kf2 Bc2 45.d6 Ke6 46.Nc5+  1-0

[Event "JUG-chT"]
[Site "Niksic"]
[Date "1996.??.??"]
[Round "?"]
[White "Brkljaca, Ante"]
[Black "Lakic, Nikola"]
[Result "1/2-1/2"]
[WhiteElo "2320"]
[BlackElo "2320"]

1.d4 Nf6 2.c4 g6 3.Nc3 Bg7 4.e4 d6 5.Nf3 O-O 6.Be2 e5 7.O-O Nc6 8.Be3 Re8
9.dxe5 Nxe5 10.Nxe5 dxe5 11.Qb3 c6 12.Rfd1 Qe7  1/2-1/2

[Event "JUG-ch op"]
[Site "Nis"]
[Date "1996.??.??"]
[Round "1"]
[White "Nikolic, Zoran"]
[Black "Spasov, Vasil"]
[Result "0-1"]
[WhiteElo "2220"]
[BlackElo "2570"]

1.d4 Nf6 2.c4 g6 3.Nc3 Bg7 4.Nf3 O-O 5.e4 d6 6.Be2 e5 7.O-O Nc6 8.dxe5 dxe5
9.Qxd8 Rxd8 10.Bg5 Rf8 11.Bxf6 Bxf6 12.Nd5 Bd8 13.h3 Nd4 14.Nxd4 exd4 15.Rad1 c6
16.Nb4 Re8 17.Bd3 Bc7 18.f4 f6 19.c5 Be6 20.b3 g5 21.fxg5 fxg5 22.Rf6 Kg7
23.Rf2 Bf4 24.Nc2 Rad8 25.Bf1 Be3 26.Be2 Bxf2+ 27.Kxf2 Rf8+ 28.Kg3 d3 29.Bxd3 Rd7
30.Ne1 Rf1 31.Bxf1 Rxd1  0-1

[Event "NOR-ch"]
[Site "NOR"]
[Date "1996.??.??"]
[Round "5"]
[White "Tisdall, Jonathan D"]
[Black "Djurhuus, Rune"]
[Result "1/2-1/2"]
[WhiteElo "2515"]
[BlackElo "2505"]

1.d4 Nf6 2.Nf3 g6 3.c4 Bg7 4.Nc3 O-O 5.e4 d6 6.Be2 e5 7.O-O Nc6 8.d5 Ne7
9.b4 a5 10.Ba3 axb4 11.Bxb4 Nd7 12.a4 Nc5 13.Bxc5 dxc5 14.a5 Bd7 15.Qb3 Ra7
16.Nb5 Ra6 17.Qe3 b6 18.Ra3 c6 19.Nc3 Re8 20.Rfa1 Nc8 21.axb6 Rxa3 22.Rxa3 Qxb6
23.Na4 Qb1+ 24.Bf1 cxd5 25.cxd5 Bf8 26.Nxc5 Bb5 27.Nd2 Qd1 28.Qb3 Qxd2 29.Qxb5 Nd6
30.Qa5 Qd4 31.Ra4 Qd1 32.Ra1 Qd4 33.Ra4 Qd1 34.Ra1 Qd4  1/2-1/2

[Event "NOR-ch"]
[Site "NOR"]
[Date "1996.??.??"]
[Round "8"]
[White "Moen, Ole Christian"]
[Black "Gullaksen, Eirik T"]
[Result "1/2-1/2"]
[WhiteElo "2270"]
[BlackElo "2325"]

1.Nf3 g6 2.e4 Bg7 3.d4 d6 4.c4 Nf6 5.Nc3 O-O 6.Be2 e5 7.O-O Nc6 8.d5 Ne7
9.Nd2 c5 10.Rb1 a5 11.a3 Ne8 12.b4 axb4 13.axb4 b6 14.bxc5 bxc5 15.Qb3 f5
16.Qb6 Qd7 17.Bb2 Bh6 18.Ra1 Rxa1 19.Rxa1 Nf6 20.Ra7 Qd8 21.Qxd8 Rxd8 22.Nf1 Bf8
23.f3 Rd7 24.Ra8 fxe4 25.Nxe4 Nxe4 26.fxe4 Rb7 27.Bc1 Kf7 28.Bg5 Bd7 29.Ne3 Nc8
30.Bd1 Be7 31.Bxe7 Kxe7 32.Bg4 Kd8 33.Be6 Ra7 34.Rxa7 Nxa7 35.Bxd7 Kxd7 36.Kf2 Nc8
37.g4 h6  1/2-1/2

[Event "Norrkoeping op"]
[Site "Norrkoeping"]
[Date "1996.??.??"]
[Round "4"]
[White "Sandstrom, Ludvig"]
[Black "Wieweg, Johnny"]
[Result "1-0"]
[WhiteElo "2355"]
[BlackElo "2265"]

1.d4 Nf6 2.c4 g6 3.Nc3 Bg7 4.e4 d6 5.Be2 O-O 6.Nf3 e5 7.O-O Nc6 8.d5 Ne7
9.Ne1 Ne8 10.f3 f5 11.g4 f4 12.h4 h5 13.g5 c6 14.Rf2 Rf7 15.Nd3 a5 16.a3 Kh7
17.Bf1 Bd7 18.Rc2 Qb8 19.Kh2 Bf8 20.b3 Nc8 21.Bb2 Be7 22.b4 Bd8 23.c5 cxd5
24.Nxd5 Ba4 25.cxd6 Ncxd6 26.Nxe5 Rg7 27.Rac1 axb4 28.axb4 Bxc2 29.Rxc2 Ra2
30.Nc4 Rg8 31.Be5 Rxc2+ 32.Qxc2 Qc8 33.Qb3 Nxc4 34.Bxc4 Rf8 35.Kg2 Bc7 36.Nxc7 Nxc7
37.Bg8+  1-0

[Event "Nova Gorica"]
[Site "Nova Gorica"]
[Date "1996.??.??"]
[Round "4"]
[White "Kozul, Zdenko"]
[Black "Manca, Federico"]
[Result "1-0"]
[WhiteElo "2580"]
[BlackElo "2350"]

1.d4 Nf6 2.Nf3 g6 3.c4 Bg7 4.Nc3 O-O 5.e4 d6 6.Be2 e5 7.O-O Nc6 8.d5 Ne7
9.Ne1 Nd7 10.Nd3 f5 11.Bd2 Nf6 12.f3 f4 13.c5 g5 14.cxd6 cxd6 15.Nf2 Ng6
16.Qc2 Rf7 17.Rfc1 a6 18.a4 Bf8 19.a5 b5 20.axb6 Qxb6 21.Nb5 g4 22.Ba5 Qe3
23.Ra3 axb5 24.Rxe3 fxe3 25.Nd3 gxf3 26.Bxf3 Nh4 27.Ne1 Bd7 28.Bb6 Bh6 29.Qe2 Nxf3+
30.Nxf3 Nxe4 31.Bxe3 Bg7 32.Qd3 Nf6 33.Ng5 Re7 34.h3 e4 35.Qb3 Rae8 36.Bd4 Kh8
37.Rf1 Nh5 38.Bxg7+ Rxg7 39.Nf7+ Kg8 40.Nh6+ Kh8 41.g4 e3 42.Qxe3 Rxg4+ 43.Nxg4 Rxe3
44.Nxe3 Bxh3 45.Rf3  1-0

[Event "Nova Gorica"]
[Site "Nova Gorica"]
[Date "1996.??.??"]
[Round "5"]
[White "Gostisa, Leon"]
[Black "Cvitan, Ognjen"]
[Result "0-1"]
[WhiteElo "2425"]
[BlackElo "2540"]

1.d4 Nf6 2.c4 g6 3.Nc3 Bg7 4.e4 d6 5.Nf3 O-O 6.Be2 e5 7.O-O Nc6 8.d5 Ne7
9.Bg5 Nh5 10.Ne1 Nf4 11.Nd3 f5 12.f3 Nxd3 13.Qxd3 h6 14.Be3 g5 15.c5 Ng6
16.Rfc1 Nf4 17.Qd1 Rf7 18.cxd6 cxd6 19.Rc2 g4 20.fxg4 Nxe2+ 21.Qxe2 f4 22.Bf2 Qg5
23.Nb5 Bxg4 24.Qe1 Qg6 25.Kh1 a6 26.Nc7 Raf8 27.h3 h5 28.Ne6 Bxe6 29.dxe6 Qxe6
30.Rd1 f3 31.Bg3 Qg6 32.Kg1 h4 33.Bxh4 fxg2 34.Bf2 Bh6 35.Rd3 Bf4 36.Bg3 Bd2
37.Qxd2 Rf1+  0-1

[Event "Nova Gorica"]
[Site "Nova Gorica"]
[Date "1996.??.??"]
[Round "6"]
[White "Kozul, Zdenko"]
[Black "Fercec, Nenad"]
[Result "1-0"]
[WhiteElo "2580"]
[BlackElo "2405"]

1.d4 Nf6 2.c4 g6 3.Nc3 Bg7 4.e4 d6 5.Nf3 O-O 6.Be2 e5 7.O-O Nc6 8.d5 Ne7
9.Ne1 Nd7 10.Be3 f5 11.f3 f4 12.Bf2 g5 13.a4 Nf6 14.c5 Rf7 15.cxd6 cxd6 16.a5 a6
17.Na4 Nd7 18.b4 Bf8 19.Rc1 Kh8 20.Rc3 Ng8 21.Qc2 Be7 22.Nd3 Rf8 23.Ndb2 Rb8
24.Nc4 Qe8 25.Ba7 Ra8 26.Ncb6 Rxa7 27.Rxc8 Bd8 28.Rc1 Ne7 29.Nxd7 Qxd7 30.Rb8 b5
31.axb6 Rb7 32.Rxb7 Qxb7 33.Kf1 g4 34.fxg4 f3 35.gxf3 Bxb6 36.Nxb6 Qxb6 37.Qc7 Qe3
38.Rc3 Qg5 39.Qxd6 Ng6 40.Rc6 Qh6 41.Qxe5+ Kg8 42.Qe6+ Kh8 43.Rc8 Qxh2 44.Rxf8+ Nxf8
45.Qf6+ Kg8  1-0

[Event "JUG-chT (Women)"]
[Site "Novi Sad"]
[Date "1996.??.??"]
[Round "?"]
[White "Ioseliani, Nana"]
[Black "Skripchenko, Almira"]
[Result "1-0"]
[WhiteElo "2485"]
[BlackElo "2390"]

1.d4 Nf6 2.Nf3 g6 3.c4 Bg7 4.Nc3 O-O 5.e4 d6 6.Be2 e5 7.O-O Nc6 8.d5 Ne7
9.Bd2 c5 10.dxc6 bxc6 11.Bg5 h6 12.Bxf6 Bxf6 13.Qd2 Qb6 14.Qxd6 Kg7 15.Na4 Qa5
16.b3 Bg4 17.Rfd1 g5 18.Qc5 Qc7 19.Nc3 Rac8 20.g3 Be6 21.Qd6 Qa5 22.Qd2 g4
23.Ne1 Bg5 24.Qb2 h5 25.Nd3 Rce8 26.Na4 Ng6 27.Ndc5 Bc8 28.Rd3 Qc7 29.Rad1 Re7
30.b4 f5 31.b5 cxb5 32.Qxb5 f4 33.Rd6 Rf6 34.Rxf6 Bxf6 35.Nc3 f3 36.Bf1 Rf7
37.Nd5 Qd6 38.Ne3 Qc7 39.Nd5 Qd8 40.Ne3 Qc7 41.Nf5+ Bxf5 42.exf5 Nf8 43.Rd5 Qb6
44.a4 Qc7 45.a5 Kh6 46.Ne4 Kg7 47.Nd6  1-0

[Event "JUG-chT (Women)"]
[Site "Novi Sad"]
[Date "1996.??.??"]
[Round "?"]
[White "Prudnikova, Svetlana"]
[Black "Ioseliani, Nana"]
[Result "0-1"]
[WhiteElo "2385"]
[BlackElo "2485"]

1.d4 Nf6 2.c4 g6 3.Nc3 Bg7 4.e4 d6 5.Be2 O-O 6.Nf3 e5 7.O-O Nc6 8.d5 Ne7
9.Nd2 Nd7 10.b4 f5 11.f3 Kh8 12.a4 c6 13.Kh1 Nf6 14.Nb3 cxd5 15.cxd5 f4 16.Bd2 g5
17.Be1 h5 18.Rc1 a6 19.a5 Bd7 20.Nd2 h4 21.Nc4 Nh5 22.Nb6 Rf6 23.Nxd7 Qxd7
24.Na4 Rg8 25.Nb6 Qe8 26.Qa4 Qg6 27.Qd7 Bf8 28.Qxb7 g4 29.fxg4 h3 30.Bf3 hxg2+
31.Kxg2 Rf7 32.Qxa6 Nf6 33.Qe2 Nxg4 34.Bxg4 f3+ 35.Rxf3 Qxg4+ 36.Bg3 Ng6
37.Kf2 Nf4 38.Bxf4 Rxf4 39.Ke3 Rxe4+ 40.Kd3 Rxe2  0-1

[Event "Nussloch"]
[Site "Nussloch"]
[Date "1996.??.??"]
[Round "9"]
[White "Dautov, Rustem"]
[Black "Kindermann, Stefan"]
[Result "1/2-1/2"]
[WhiteElo "2615"]
[BlackElo "2575"]

1.d4 Nf6 2.c4 g6 3.Nc3 Bg7 4.e4 d6 5.Nf3 O-O 6.Be2 e5 7.O-O Nc6 8.d5 Ne7
9.b4 Nh5 10.Re1 f5 11.Ng5 Nf6 12.Bf3 c6 13.Bb2 h6 14.Ne6 Bxe6 15.dxe6 fxe4
16.Nxe4 Nxe4 17.Rxe4 Nf5 18.b5 Rc8 19.Re2 Re8 20.bxc6 bxc6 21.c5 d5 22.Bxe5 Bxe5
23.Rxe5 Qf6 24.Re1  1/2-1/2

[Event "Oberwart op"]
[Site "Oberwart"]
[Date "1996.??.??"]
[Round "2"]
[White "Gleizerov, Evgeny"]
[Black "Steiner, Peter"]
[Result "1-0"]
[WhiteElo "2545"]
[BlackElo "2170"]

1.d4 Nf6 2.c4 g6 3.Nc3 Bg7 4.e4 d6 5.Nf3 O-O 6.Be2 e5 7.O-O Nc6 8.d5 Ne7
9.Nd2 c5 10.dxc6 bxc6 11.Nb3 d5 12.cxd5 cxd5 13.exd5 Nfxd5 14.Nxd5 Nxd5 15.Bf3 Bb7
16.Qd2 Rb8 17.Rd1 Nf4 18.Qxd8 Rfxd8 19.Rxd8+ Rxd8 20.Bxf4 Bxf3 21.Be3 Bd1
22.Bxa7 Bxb3 23.axb3 Ra8 24.Ra4 e4 25.Be3 Rd8 26.g3 f5 27.b4 Bd4 28.Ra3 Bxb2
29.Rb3 Bd4 30.Bxd4 Rxd4 31.b5 Rd7 32.b6 Rb7 33.Kf1 Kf7 34.Ke2 Ke6 35.Ke3 Kd5
36.Kf4 h6 37.h4 Ke6 38.Rb5 Kf6 39.h5 g5+ 40.Ke3 Ke6 41.g4 fxg4 42.Kxe4  1-0

[Event "RUS-Cup3"]
[Site "Omsk"]
[Date "1996.??.??"]
[Round "2"]
[White "Iskusnyh, Sergei"]
[Black "Fedorov, Alexei"]
[Result "1-0"]
[WhiteElo "2460"]
[BlackElo "2555"]

1.d4 Nf6 2.c4 g6 3.Nc3 Bg7 4.e4 d6 5.Be2 O-O 6.Nf3 e5 7.O-O Nc6 8.d5 Ne7
9.b4 Nh5 10.Re1 Nf4 11.Bf1 h6 12.c5 g5 13.Nd2 f5 14.g3 Nfg6 15.Nc4 f4 16.Ba3 Rf6
17.b5 b6 18.cxd6 cxd6 19.Bb4 g4 20.a4 h5 21.a5 Rb8 22.axb6 axb6 23.Nb1 h4
24.Nbd2 f3 25.Nxd6 hxg3 26.hxg3 Nf8 27.N2c4 Rh6 28.Ra7 Bd7 29.Bc3 Nc8 30.Rxd7 Nxd7
31.Nf5 Rh5 32.d6 Qf6 33.Qd5+ Kh8 34.Nce3 Qg6 35.Bc4 Qh7 36.Nh4 Nf6 37.d7 Nxd5
38.d8=Q+ Qg8 39.Qxg8+ Kxg8 40.Bxd5+ Kh7 41.Nxg4 Nd6 42.Nxf3 Nxb5 43.Bf7  1-0

[Event "RUS-Cup3"]
[Site "Omsk"]
[Date "1996.??.??"]
[Round "8"]
[White "Sherbakov, Ruslan"]
[Black "Fedorov, Alexei"]
[Result "1-0"]
[WhiteElo "2555"]
[BlackElo "2555"]

1.d4 Nf6 2.c4 g6 3.Nc3 Bg7 4.e4 d6 5.Be2 O-O 6.Nf3 e5 7.O-O Nc6 8.d5 Ne7
9.Nd2 c5 10.dxc6 bxc6 11.b4 a6 12.Nb3 d5 13.Bg5 dxe4 14.Qxd8 Rxd8 15.Bxf6 Bxf6
16.Nxe4 Bg7 17.Rad1 Bf5 18.f3 Bh6 19.g4 Bxe4 20.Rxd8+ Rxd8 21.fxe4 f5 22.gxf5 gxf5
23.exf5 Bf4 24.f6 Nf5 25.Bh5 Rd6 26.f7+ Kg7 27.Nc5 Nh6 28.Ne4 Rd8 29.Rd1 Rxd1+
30.Bxd1 Nxf7 31.Kg2 Be3 32.Kf3 Bd4 33.Bc2 h6 34.h4 h5 35.Bd3 Nd8 36.Ng3 Bc3
37.a3 Bb2 38.a4 Ba3 39.b5 cxb5 40.cxb5 axb5 41.Bxb5 Bb4 42.Nxh5+ Kh6 43.Ng3 Be1
44.Nf5+ Kg6 45.Kg4 Ne6 46.Nd6 Nd4 47.Bd3+ Kf6 48.h5 Bb4 49.Nc4 Nc6 50.Be4 Na5
51.Nb6 Bd2 52.Nd7+ Ke6 53.Nf8+ Kf7 54.Nh7 Nc4 55.Ng5+ Kf6 56.h6 Nd6 57.h7 Kg7
58.Ne6+ Kh8 59.Bg6 e4 60.Kg3 e3 61.Kf3 Nc4 62.Ke2 Bc3 63.Bc2 Bd2 64.Bg6 Bc3
65.Bf5 Bd2 66.Ng5 Ne5 67.Ne4 Nc4 68.Nxd2 exd2 69.Bc2 Kg7 70.Bb3 d1=Q+ 71.Bxd1 Kxh7
72.Bb3 Nd6 73.Ke3 Kg7 74.Kd4 Kf6 75.Kc5 Ke7 76.Kc6 Nf5 77.a5 Nd4+ 78.Kb6 Nxb3
79.a6  1-0

[Event "RUS-chT"]
[Site "Orel"]
[Date "1996.??.??"]
[Round "?"]
[White "Ragozin, Evgeni"]
[Black "Dyachkov, Sergej"]
[Result "1/2-1/2"]
[WhiteElo "2475"]
[BlackElo "2505"]

1.c4 g6 2.Nf3 Bg7 3.e4 d6 4.d4 Nf6 5.Nc3 O-O 6.Be2 e5 7.O-O Nc6 8.d5 Ne7
9.b4 Nh5 10.Re1 f5 11.Ng5 Nf4 12.Bxf4 exf4 13.Rc1 h5 14.Ne6 Bxe6 15.dxe6 Bxc3
16.Rxc3 fxe4 17.Bf1 e3 18.fxe3 f3 19.gxf3 Nf5 20.Rd3 Qg5+ 21.Kh1 Nh4 22.e4 Rf4
23.e5 dxe5 24.Bh3 Raf8 25.Rg1 Qf6 26.Rd7 Nxf3 27.e7 Re8 28.Rd8 Qxe7 29.Rxg6+  1/2-1/2

[Event "ESP-chTA"]
[Site "Oropesa del Mar"]
[Date "1996.??.??"]
[Round "2"]
[White "Iruzubieta, Jesus Maria"]
[Black "Brito, Alfredo"]
[Result "1-0"]
[WhiteElo "2410"]
[BlackElo "2395"]

1.c4 g6 2.Nc3 Bg7 3.d4 d6 4.e4 Nf6 5.Nf3 O-O 6.Be2 e5 7.O-O Nc6 8.d5 Ne7
9.b4 Ne8 10.c5 Kh8 11.a4 Ng8 12.a5 f5 13.Nd2 Ngf6 14.Bf3 f4 15.Nc4 g5 16.h3 h5
17.Bxh5 g4 18.Bxg4 Nxg4 19.hxg4 Qh4 20.f3 Bf6 21.Qe1 Qh7 22.g3 fxg3 23.Ra2 Bh4
24.Kg2 Nf6 25.Ne3 Nh5 26.Nf5 Bxf5 27.exf5 Nf4+ 28.Bxf4 exf4 29.Qd2 Kg8 30.Qxf4 Bf6
31.Rh1 Qg7 32.Ne4 Be5 33.Qh6 Qxh6 34.Rxh6 dxc5 35.Rg6+ Kh8 36.Rd2 cxb4 37.Rd1 Rf7
38.Rh1+ Rh7 39.Rxh7+ Kxh7 40.Ng5+ Kh8 41.Nf7+ Kh7 42.Nxe5 Rd8 43.f6  1-0

[Event "ESP-chTA"]
[Site "Oropesa del Mar"]
[Date "1996.??.??"]
[Round "5"]
[White "Corral Blanco, Juan A"]
[Black "Garcia Luque, Agustin"]
[Result "0-1"]
[WhiteElo "2425"]
[BlackElo "2350"]

1.d4 Nf6 2.c4 g6 3.Nc3 Bg7 4.e4 d6 5.Nf3 O-O 6.Be2 e5 7.O-O Nc6 8.d5 Ne7
9.Nd2 a5 10.Nb3 c5 11.dxc6 bxc6 12.Bg5 a4 13.Nd2 Qa5 14.Qc2 Be6 15.Rfe1 h6
16.Bh4 Rfc8 17.Rab1 d5 18.f3 g5 19.Bf2 d4 20.Nd1 Nd7 21.Bg3 h5 22.Rf1 Ng6
23.Be1 Nf4 24.Bd3 Qd8 25.Nf2 g4 26.g3 Ng6 27.h3 Bh6 28.fxg4 hxg4 29.Nxg4 Bxg4
30.hxg4 Be3+ 31.Kg2 Qg5 32.Qd1 Ne7 33.Rh1 Kg7 34.Rh4 Ng6 35.Rh5 Qe7 36.Nf3 Rh8
37.Bf2 Bxf2 38.Kxf2 Nf6 39.Rg5 Rh3 40.Kg2 Rah8 41.Nh4 R3xh4 42.gxh4 Rxh4
43.Qf3 Nh7 44.Rxg6+ fxg6 45.Rh1 Rxh1 46.Kxh1 Qg5 47.Kg2 Nf6 48.Kh3 Qc1 49.c5 Nh7
50.Qf2 Qh1+ 51.Kg3 Ng5 52.Qe2 Qg1+ 53.Kh4 Ne6  0-1

[Event "Komercni Banka op"]
[Site "Pardubice"]
[Date "1996.??.??"]
[Round "2"]
[White "Fish, Gannadij"]
[Black "Hadraba, Vladimir"]
[Result "1-0"]
[WhiteElo "2440"]
[BlackElo "2275"]

1.d4 Nf6 2.c4 g6 3.Nc3 Bg7 4.e4 d6 5.Nf3 O-O 6.Be2 e5 7.O-O Nc6 8.Be3 Ng4
9.Bg5 f6 10.Bc1 Nh6 11.dxe5 dxe5 12.Qd5+ Qxd5 13.cxd5 Nd8 14.Be3 c6 15.Bc5 Re8
16.Rfd1 Nhf7 17.dxc6 bxc6 18.Bc4 Nb7 19.Be3 Na5 20.Bf1 Be6 21.Nd2 Bf8 22.Na4 Bh6
23.Bxh6 Nxh6 24.Nc5 Bc8 25.Nc4 Nxc4 26.Bxc4+ Kg7 27.Rd6 Re7 28.Rxc6 Bb7 29.Nxb7 Rxb7
30.Bd5 Rd8 31.Rac1 Re7 32.h3 Nf7 33.b4 Nd6 34.a4 f5 35.f3 fxe4 36.fxe4 Ne8
37.b5 Nf6 38.Rc7 Rdd7 39.Rxd7 Rxd7 40.Bc6 Rd2 41.a5 Nh5 42.b6 axb6 43.axb6 Nf4
44.Rb1 Nxg2 45.b7 Nh4 46.Rb3  1-0